000 00560nam a2200193Ia 4500
005 20250508150548.0
008 008 250505s9999 xx 000 0 eng d
037 _aTextual
040 _aFEDL
_beng
_cFEDL
041 _aeng
_2eng
084 _a371.92, HAX
_qFEDL
100 _aHaxton Jennie N
_9757030
245 0 _aStep by step in the nursery school
260 _aNew York, USA
_bDoubleday, Doran and Company
_c1936
300 _axiv,224p.
700 _a Wilcox Edith
_9757031
942 _cTEXL
_h371.92, HAX
999 _c1324274
_d1324274